Разработка и исследование контрольно-измерительных систем на базе безвакуумного аналога передающей телевизионной трубки типа "сканистор": Диссертация на соискание ученой степени кандидата технических наук

Detaylı Bibliyografya
Yazar: Желтовский Г. А.
Müşterek Yazar: Томский институт автоматизированных систем управления и радиоэлектроники (ТИАСУР)
Diğer Yazarlar: Госьков П. И. (научный руководитель)
Dil:Rusça
Baskı/Yayın Bilgisi: Томск, 1971
Konular:
Materyal Türü: Kitap
KOHA link:https://koha.lib.tpu.ru/cgi-bin/koha/opac-detail.pl?biblionumber=132979

MARC

LEADER 00000nbm0a2200000 4500
001 132979
005 20231031135150.0
035 |a (RuTPU)RU\TPU\book\143993 
090 |a 132979 
100 |a 20080311d1971 k y0rusy50 ca 
101 0 |a rus 
102 |a RU 
105 |a a m 001zy 
200 1 |a Разработка и исследование контрольно-измерительных систем на базе безвакуумного аналога передающей телевизионной трубки типа "сканистор"  |e Диссертация на соискание ученой степени кандидата технических наук  |f Г. А. Желтовский  |g Томский институт автоматизированных систем управления и радиоэлектроники (ТИАСУР) ; науч. рук. П. И. Госьков 
210 |a Томск  |d 1971 
215 |a 299 л.  |c ил. 
320 |a Библиогр.: с. 214-227 (133 назв.) 
610 1 |a диссертации 
610 1 |a контрольно-измерительные системы 
610 1 |a вакуумные аналоги 
610 1 |a телевизионные трубки 
610 1 |a передающие трубки 
610 1 |a сканисторы 
610 1 |a оптическая информация 
610 1 |a обработка 
610 1 |a точность 
610 1 |a графическая информация 
675 |a 621.397.6(04)  |v 3 
700 1 |a Желтовский  |b Г. А. 
702 1 |a Госьков  |b П. И.  |4 727 
712 0 2 |a Томский институт автоматизированных систем управления и радиоэлектроники (ТИАСУР)  |c (1971-1993)  |2 stltpush  |3 (RuTPU)RU\TPU\col\3065 
801 1 |a RU  |b 63413507  |c 20080311  |g PSBO 
942 |c BK